000 00501nam a2200205Ia 4500
003 OSt
005 20140311163113.0
008 140130s9999 xx 000 0 und d
020 _a0590469967
050 _aPZ 8.1
_b.M824Tu 1990
100 _aMorgan, Peirr
_931332
245 _aThe turnip /
_cMorgan, Peirr
260 _bScholastic,
_c1990.
_aNew York :
300 _a20 p. :
_bcol. ill. ;
_c19 cm.
440 _v1
_931174
521 _aG3
526 _c550
942 _cBK
_2lcc
999 _c40641
_d40641